000 00922nam a2200241Ia 4500
008 130821s2009 ck ao gr spa
020 _a9789588397054
040 _aCo-BoUCM
_bspa
041 0 0 _aspa
245 0 4 _aLas luchas por la memoria
_cAbsalón Jiménez Becerra, Francisco Guerra García, Compiladores
260 _aBogotá (Colombia)
_bUniversidad Distrital Francisco José de Caldas
_c2009
300 _a262 páginas
_bilustraciones, fotografías
504 _aIncluye referencias bibliográficas.
650 0 4 _aMemoria
_vAspectos sociales
_919277
650 0 4 _aMemoria
_xInvestigaciones
_919277
650 0 4 _aMovimientos sociales
_919847
650 0 4 _aSociología urbana
_924816
650 0 4 _aSociología
_9386
700 1 _aGuerra García, Francisco
_comp.
_9168467
700 1 _aJimenez Becerra,Absalón
_ecomp.
_9168468
942 _cLIBRO
_a5
_e1
_mL936
_2DEWEY
_h303.6
999 _c73149
_d73149